000
00285nam a22001217a 4500
008
170714b xxu||||| |||| 00| 0 eng d
041
_a
eng
080
_a
101
100
_a
24
101
_a
FIL
245
_a
LENIN AND PHILOSOPHY AND OTHER ESSASY
_c
ALTHUSSER.L
942
_2
udc
_c
BK
999
_c
20773
_d
20773